Marketingová stratégia elektronického obchodu spoločnosti Vinanza diplomová práca

Uložené v:
Podrobná bibliografia
Hlavný autor: Grom, Richard
Korporativný autor: Obchodná fakulta EU. Katedra marketingu
Ďalší autori: Hasprová, Mária, 1970-
Médium: Kniha
Jazyk:Slovak
Vydavateľské údaje: Bratislava 2013
Tagy: Pridať tag
Žiadne tagy, Buďte prvý, kto otaguje tento záznam!

MARC

LEADER 00000nbm a2200000 4500
001 0169403
005 20161109102302.1
041 0 |a slo 
044 |a SK 
245 1 0 |a Marketingová stratégia elektronického obchodu spoločnosti Vinanza  |b diplomová práca  |c Richard Grom ; školiteľ: Mária Hasprová 
264 1 |a Bratislava  |c 2013 
300 |a 70 s. 
100 1 |a Grom, Richard 
700 1 |a Hasprová, Mária, 1970- 
710 2 |a Obchodná fakulta EU. Katedra marketingu